The provision of care for the elderly /

Bibliographic Details
Corporate Author: World Health Organization. Regional Office for Europe
Other Authors: Kinnaird, John, Brotherston, John Howie Flint, Sir, Williamson, James M. B.
Format: Book
Language:English
Published: Edinburgh ; New York : Churchill Livingstone, 1981.
Subjects:

MARC

Tag First Indicator Second Indicator Subfields
LEADER 00000cam a2200000 a 4500
001 in00000084453
005 20151008061405.0
008 810109s1981 stka b 00000 engm
010 |a  80041491  
015 |a GB81 
020 |a 0443023476 :  |c 15.00 
035 |a (OCoLC)07197262 
035 |9 AAJ7955AM 
039 0 |a 2  |b 3  |c 3  |d 3  |e 3 
040 |a DLC  |c DLC  |d m.c.  |d MET  |d TXA  |d UtOrBLW 
049 |a TXAM  |c [1196677] 
050 0 0 |a HV1451  |b .P75 
082 0 |a 362.6/0941  |2 19 
096 |a WT 100 P969 1981 
245 0 4 |a The provision of care for the elderly /  |c edited by John Kinnaird, John Brotherston, James Williamson ; foreword by Leo A. Kaprio. 
264 1 |a Edinburgh ;  |a New York :  |b Churchill Livingstone,  |c 1981. 
300 |a 224 pages :  |b illustrations ;  |c 23 cm. 
336 |a text  |b txt  |2 rdacontent 
337 |a unmediated  |b n  |2 rdamedia 
338 |a volume  |b nc  |2 rdacarrier 
500 |a Based on a course held in Edinburgh, spring 1979, sponsored by the European Regional Office of the World Health Organization. 
504 |a Includes bibliographical references and index. 
650 0 |a Older people. 
650 0 |a Older people  |x Services for. 
650 0 |a Older people  |x Government policy. 
650 0 |a Older people  |x Care. 
650 2 |a Health Services for the Aged. 
650 2 |a Aged. 
700 1 |a Kinnaird, John. 
700 1 |a Brotherston, John Howie Flint,  |c Sir. 
700 1 |a Williamson, James M. B. 
710 2 |a World Health Organization.  |b Regional Office for Europe. 
999 |a MARS 
999 f f |s b3383577-2c1e-3ca5-8764-a6b6ec437739  |i 8ab503a5-52bc-3cf9-905a-f117892692be  |t 0 
952 f f |p ric  |a Texas A&M University  |b Rellis Campus  |c Joint Library Facility  |d Remote Storage  |t 0  |e HV1451 .P75  |h Library of Congress classification  |i unmediated -- volume  |m A14806145928 
998 f f |a HV1451 .P75  |t 0  |l Remote Storage